Statistics for Catchers in hall of fame!

Click here to take the quiz!

General Stats

  • This quiz has been taken 35 times
  • The average score is 10 of 19

Answer Stats

teamAnswer% Correct
RedsJohnny Bench
100%
Red sox and White soxCarlton Fisk
93%
Yankees and MetsYogi Berra
93%
Dodgers/Mets/Marlins/Padres/AthleticsMike Piazza
89%
Expose/Mets/Giants/DodgersGary Carter
74%
Rangers/Marlins/Tigers/Yankees/Astros/NationalsIvan Rodriguez
70%
DodgersRoy Campanella
70%
YankeesBill Dickey
59%
Grays and CrawfordsJosh Gibson
52%
Cardinals/Brewers/BravesTed Simmons
52%
Robins/Reds/Braves/GiantsErnie Lombardi
48%
Athletics and TigersMickey Cochrane
44%
Cubs and GiantsGabby Hartnett
41%
Senators/Orphans/Orioles/Giants/Cardinals/CubsRoger Bresnahan
30%
Browns/Red sox/SenatorsRick Ferrell
22%
Giants/Spiders/RedsBuck Ewing
15%
Stars/Elite Giants/DodgersBiz Mackey
7%
White sox GiantsRay Shalk
4%
Monarchs/Giants/Lincoln stars/Louis Santop
0%

Score Distribution

Percentile by Number Answered

Percent of People with Each Score

Your Score History

You have not taken this quiz